000 00609nam a22001577a 4500
003 0
005 20231106135535.0
008 221004b xxu||||| |||| 00| 0 eng d
050 _aHF5625.15
_b.B36 2022
100 _aReycel S. Bantolo
245 _aLevels of ethical accounting issues and accounting professional values encountered by certified public accountants in Las Pinas City
_cReycel S. Bantolo
260 _aLas Pinas City, Philippines
_bSouthville International School and Colleges
_cc2022
300 _avi,129pp.
_c28cm.
_fTheses
500 _aAccounting--moral and ethical aspects.
942 _2lcc
_cTH
999 _c364818
_d364818